The Outsiders MOVIE A-Z - Statistics

General Stats
  • This quiz has been taken 131 times
  • The average score is 18 of 26
Answer Stats
Hint Answer % Correct
D Who was killed by the police? Dally
96%
C What building did Johnny and Ponyboy set on fire? church
95%
J Who does Ralph Macchio play in the movie? Johnny
90%
H What did the newspaper make Johnny and Ponyboy out to be? heroes
89%
R Big fight between greasers and Socs rumble
87%
E What does Ponyboy drop in the kitchen? egg
86%
T Actor who plays Steve Tom Cruise
86%
A How did Ponyboy's parents die? accident
81%
G What did Dally give ponyboy and Johnny? gun
81%
Y Where is ponyboy in the order of his brothers? youngest
81%
P Actor that plays Darry Patrick Swayze
78%
S What do Cherry and Ponyboy both dig? sunsets
78%
O What do greasers put in their hair? oil
77%
N What character does the author S.E. Hinton play? nurse
71%
M Where does Two-bit play a prank on a female soc? movies
70%
X What they use to check if Johnny's back is broken? x-ray
70%
K What did Johnny do to Bob? killed him
67%
F Director of the movie Francis Coppola
55%
B Bob's car blue Mustang
48%
L What actor plays Bob? Leif
47%
U What does Johnny think about the fighting? useless
47%
V What is Cherry's last name? Valence
47%
W What do the Socs call the greasers? white trash
45%
Z Ponyboy's first idea for his thesis? zoo
37%
I How does Ponyboy feel when he sees the dead body? ill
34%
Q What did everyone give Dally for a Coke? quarters
29%
No matching quizzes found
Score Distribution
Percent of People with Each Score
Percentile by Number Answered
Your Score History
You have not taken this quiz